Website lets manufacturing & suppliers tap into technological tax relief (Record no. 73137)
[ view plain ]
| 000 -LEADER | |
|---|---|
| fixed length control field | 01239cam a2200217 4500 |
| 001 - CONTROL NUMBER | |
| control field | WB3929-07 |
| 008 - FIXED-LENGTH DATA ELEMENTS--GENERAL INFORMATION | |
| fixed length control field | 030731n2003 000 0 eng u |
| 035 ## - SYSTEM CONTROL NUMBER | |
| System control number | (Sirsi) u123154 |
| 245 ## - TITLE STATEMENT | |
| Title | Website lets manufacturing & suppliers tap into technological tax relief |
| 260 ## - PUBLICATION, DISTRIBUTION, ETC. | |
| Date of publication, distribution, etc. | 2003 |
| 490 ## - SERIES STATEMENT | |
| Series statement | DEFRA News Release |
| Volume/sequential designation | (318/03) 30 July 2003, (2) |
| 520 ## - SUMMARY, ETC. | |
| Summary, etc. | New website is launched under the Enhanced Capital Allowances Scheme which will enable manufacturers and suppliers of water technologies to apply online to have their products considered for inclusion on the Water Technology List. Businesses could get 100% tax relief by buying a product from the list. The criteria for the five qualifying technologies that were announced in the budget include, meters and monitoring equipment and leakage detection equipment. The website can be found at: http://www.eca-water.gov.uk/For the DEFRA news release: http://www.defra.gov.uk/news/2003/030730a.htm |
| 590 ## - LOCAL NOTE (RLIN) | |
| Local note | WB |
| 650 ## - SUBJECT ADDED ENTRY--TOPICAL TERM | |
| Topical term or geographic name entry element | SUSTAINABLE WATER USE |
| 650 ## - SUBJECT ADDED ENTRY--TOPICAL TERM | |
| Topical term or geographic name entry element | ENHANCED CAPITAL ALLOWANCE |
| 650 ## - SUBJECT ADDED ENTRY--TOPICAL TERM | |
| Topical term or geographic name entry element | WATER TECHNOLOGY LIST |
| 650 ## - SUBJECT ADDED ENTRY--TOPICAL TERM | |
| Topical term or geographic name entry element | TAX RELIEF |
| 650 ## - SUBJECT ADDED ENTRY--TOPICAL TERM | |
| Topical term or geographic name entry element | MONITORING EQUIPMENT |
| 690 ## - LOCAL SUBJECT ADDED ENTRY--TOPICAL TERM (OCLC, RLIN) | |
| Topical term or geographic name as entry element | ENVIRONMENTAL AND LAND CONSULTANCY-ENVIRONMENTAL MANAGEMENT |
| 942 ## - ADDED ENTRY ELEMENTS (KOHA) | |
| Suppress in OPAC | 0 |
| Withdrawn status | Lost status | Source of classification or shelving scheme | Damaged status | Not for loan | Home library | Current library | Shelving location | Date acquired | Total Checkouts | Full call number | Barcode | Date last seen | Copy number | Price effective from | Koha item type |
|---|---|---|---|---|---|---|---|---|---|---|---|---|---|---|---|
| Dewey Decimal Classification | London | London | News article | 31/07/2003 | WB3929-07 | 123154-1001 | 06/08/2019 | 1 | 06/08/2019 | News article |